000 00320nam a22001457a 4500
008 211011b ||||| |||| 00| 0 eng d
020 _a9780201741728
041 _aeng
080 _a004
082 _a004
100 _a21
101 _aSHKI
245 _aThe Web Wizard's Guide to HTML
_cLehnert,W
942 _2udc
_cBK
999 _c58132
_d58132